Statistiques concernant Culture Générale - Série 2005

Cliquez ici pour prendre le quiz!

Statistiques générales

  • Ce quiz a été pris 40 fois
  • Le résultat moyen est 3 sur 10

Statistiques - réponses

QuestionRéponse% Correct
De quel pays Lusaka est-elle la capitale ?Zambie
66%
Ce cétacé est appelé également baleine blanche, dauphin blanc et marsouin blancbélouga
58%
Quel est l'autre nom vernaculaire du renard polaire ?isatis
37%
Quel mot désignait autrefois le cadet d'une famille (né après un frère ou une soeur) ?puiné
34%
Qui a écrit "La vie de Jésus" en 1863 ?Ernest Renan
21%
Huile consacrée, employée dans des sacrements ou cérémonies des Églises catholique et orthodoxe.chrême
21%
En argot, ce mot de 4 lettres, commençant par " d " désigne le père, la mère, le maître, le patrondabe
16%
Petit animal élancé qui rappelle le chat par sa taille mais aussi par sa silhouette et son poil - voir photogenette
11%
Comment appelle-t-on également la gourde - plante de la famille des cucurbitacées ?calebasse
11%
Quelle rivière de 214 km s'écoule dans le sud de la Guyane ?Inini
5%

Distribution des résultats

Percentile par nombre de réponses

% des personnes avec chaque résultat

Votre développement - résultats

Vous n’avez pas pris ce quiz